|
|
|
|
| LEADER |
02544nam a2200649 i 4500 |
| 001 |
nkc20162831596 |
| 003 |
CZ PrNK |
| 005 |
20160929142438.0 |
| 007 |
ta |
| 008 |
160906s2016 xr abcfe 000 0 cze |
| 015 |
|
|
|a cnb002831596
|
| 020 |
|
|
|a 978-80-264-1196-3
|q (vázáno)
|
| 035 |
|
|
|a (OCoLC)960190988
|
| 040 |
|
|
|a BOA001
|b cze
|d OLA001
|e rda
|
| 041 |
1 |
|
|a cze
|h eng
|
| 043 |
|
|
|a n-us---
|a a-vt---
|
| 045 |
|
|
|a x6x7
|
| 072 |
|
7 |
|a 358
|x Vojenské letectvo. Dělostřelectvo. Ženijní jednotky. Technické služby armády. Chemické vojsko
|2 Konspekt
|9 15
|
| 080 |
|
|
|a 358.4-051
|2 MRF
|
| 080 |
|
|
|a 358.4
|2 MRF
|
| 080 |
|
|
|a 355.469
|2 MRF
|
| 080 |
|
|
|a 355.48(597)"1961/1975"
|2 MRF
|
| 080 |
|
|
|a (73)
|2 MRF
|
| 080 |
|
|
|a (597)
|2 MRF
|
| 080 |
|
|
|a (0:82-96)
|2 MRF
|
| 100 |
1 |
|
|a Hampton, Dan
|7 xx0175616
|4 aut
|
| 240 |
1 |
0 |
|a Hunter Killers.
|l Česky
|
| 245 |
1 |
0 |
|a Hunter Killers :
|b neobyčejné příběhy pilotů, kteří prošli těmi nejnebezpečnějšími misemi války ve Vietnamu /
|c Dan Hampton ; překlad: Petr Šťastný
|
| 250 |
|
|
|a 1. vydání
|
| 264 |
|
1 |
|a V Brně :
|b CPress,
|c 2016
|
| 300 |
|
|
|a 448 stran, 16 nečíslovaných stran obrazových příloh :
|b ilustrace, mapy, portréty, faksimile ;
|c 21 cm
|
| 336 |
|
|
|a text
|b txt
|2 rdacontent
|
| 337 |
|
|
|a bez média
|b n
|2 rdamedia
|
| 338 |
|
|
|a svazek
|b nc
|2 rdacarrier
|
| 500 |
|
|
|a Přeloženo z angličtiny
|
| 500 |
|
|
|a Chronologický přehled
|
| 500 |
|
|
|a Terminologický slovník
|
| 504 |
|
|
|a Obsahuje bibliografické odkazy
|
| 648 |
|
4 |
|a 1965-1973
|
| 648 |
|
7 |
|a 20. století
|7 ch460558
|2 czenas
|
| 650 |
0 |
7 |
|a vojenští letci
|7 ph127212
|z Spojené státy americké
|y 20. století
|2 czenas
|
| 650 |
0 |
7 |
|a vojenské letectvo
|7 ph116625
|z Spojené státy americké
|y 20. století
|2 czenas
|
| 650 |
0 |
7 |
|a letecké operace
|7 ph115129
|z Vietnam
|y 1961-1975
|2 czenas
|
| 650 |
0 |
7 |
|a vietnamská válka (1961-1975)
|7 ph127100
|2 czenas
|
| 650 |
0 |
9 |
|a military air pilots
|z United States
|y 20th century
|2 eczenas
|
| 650 |
0 |
9 |
|a air forces
|z United States
|y 20th century
|2 eczenas
|
| 650 |
0 |
9 |
|a aerial operations
|z Vietnam
|y 1961-1975
|2 eczenas
|
| 650 |
0 |
9 |
|a Vietnam War (1961-1975)
|2 eczenas
|
| 655 |
|
7 |
|a literatura faktu
|7 fd132773
|2 czenas
|
| 655 |
|
9 |
|a non-fiction
|2 eczenas
|
| 700 |
1 |
|
|a Šťastný, Petr,
|d 1943-
|7 xx0070936
|4 trl
|
| 910 |
2 |
|
|a BOA001
|b 2-1372.847
|
| 928 |
9 |
|
|a Albatros Media - CPress
|
| 990 |
|
|
|a BK
|
| 995 |
|
|
|a 01
|
| 991 |
|
|
|b 201609
|c NOV
|
| 996 |
6 |
|
|b 2610680788
|c 2-1372.847
|l MZK
|r Sklad / do 1 hodiny
|n 0
|p p.v.
|w 001577702
|u 000010
|a 1
|e BOA001
|j MZK50
|s P
|